Albums de rap fr - Statistiques

Statistiques générales
  • Ce quiz a été pris 52 fois
  • Le résultat moyen est 21 sur 57
Statistiques - réponses
Hint Réponse % Correct
Destin Ninho
95%
Ouest side Booba
88%
A7 SCH
85%
Drill FR Gazo
78%
QLF PNL
78%
Enna PLK
73%
Sheguey Vara Gradur
65%
De la planete mars IAM
65%
Opéra Puccino Oxmo Puccino
65%
Gravés dans la roche Sniper
65%
Le bruit de mon âme Kaaris
63%
Mauvais Oeil Lunatic
63%
Projet Blue Beam Freeze Corleone
58%
XEU Vald
58%
Pochon bleu Naps
55%
Perdu d'avance Orelsan
53%
L'apogée la sexion d'assaut
48%
le code de l'honneur Rohff
48%
Première consultation Doc Gynéco
43%
Fenêtre sur rue Hugo TSR
43%
Quelque chose a survécu Ärsenik
40%
à l'ombre du show business Kery James
40%
qui sème le vent récolte le tempo MC Solaar
40%
Brut de femme Diam's
35%
Rusé Insoumis Professionnel Respectable Omerta Lacrim
35%
Le général Mac Tyer
35%
Suis-je le gardien de mon frère ? Sefyu
35%
1993 j'appuie sur la gachette Supreme NTM
33%
Aller retour La Fouine
30%
Sur les chemins du retour Youssoupha
30%
Métèque et Mat Akhenaton
28%
Jihad : Le plus grand des combats est contre soi-même Médine
28%
Les Sirènes du charbon Despo Rutti
25%
Paradis assassiné Lino
25%
La Cerise sur le ghetto Mafia K'1 Fry
25%
Vivre et mourir à Dakar Alpha 5.20
23%
le combat continue Ideal J
23%
MDR : Mec De Rue Mister You
23%
Boulogne Boy Salif
23%
Sang froid Sinik
23%
Mode de vie - Béton Style Le Rat Luciano
20%
Les tentations Passi
20%
Block Party Psy 4 de la rime
20%
Pourvu qu'il pleuve Shay
20%
Ceux qui le savent m'écoutent Tandem
20%
Qu'est ce qui fait marcher les sages ? Sages poètes de la rue
18%
Si Dieu veut... Fonky Family
15%
Cracheur 2 venin Aketo
13%
Entre ciment et belle étoile Keny Arkana
13%
Sexe, violence, rap et flooze Busta Flex
10%
Détournement de son Fabe
10%
Les Points sur les i Intouchable
10%
Heptagone ATK
8%
Le charme en personne Kamelancien
8%
l'palais de justice Freeman
5%
Une couleur de plus au drapeau KDD
5%
Hier, Aujourd'hui, Demain Le troisième oeil
3%
Aucun quiz correspondant
Distribution des résultats
% des personnes avec chaque résultat
Percentile par nombre de réponses
Votre historique - résultats
Vous n’avez pas pris ce quiz